Toqui. Guerra y tradición en el siglo XIX.
Guardat en:
| Autor principal: | |
|---|---|
| Altres autors: | |
| Format: | Desconegut |
| Publicat: |
Santiago, Chile:
Centro de Estudios Interculturales e Indígenas; Pehuén,
2022.
|
| Edició: | 2a. ed. |
| Col·lecció: | Pensamiento Mapuche
|
| Matèries: | |
| Etiquetes: |
Afegir etiqueta
Sense etiquetes, Sigues el primer a etiquetar aquest registre!
|
MARC
| LEADER | 00000 a2200000 4500 | ||
|---|---|---|---|
| 003 | CL-VaPUC | ||
| 005 | 20221107120349.0 | ||
| 008 | 221018t2022 ||||| |||| 00| 0 eng d | ||
| 999 | |c 438724 |d 438722 | ||
| 020 | |a 978-956-16-0823-8 | ||
| 040 | |c Pontificia Universidad Católica de Valparaíso | ||
| 082 | |a 983.04 PAI 2022 | ||
| 100 | |a Pairican, Fernando |9 876686 |e autor | ||
| 245 | |a Toqui. |b Guerra y tradición en el siglo XIX. | ||
| 250 | |a 2a. ed. | ||
| 260 | |a Santiago, Chile: |b Centro de Estudios Interculturales e Indígenas; |b Pehuén, |c 2022. | ||
| 300 | |a 291 páginas. | ||
| 490 | |a Pensamiento Mapuche | ||
| 583 | |k Cristina María Rojas Aguilar |c 20221018 | ||
| 650 | 0 | |9 265473 |a Historia de Chile |x Sociedad mapuche |y Siglo 19 | |
| 650 | 0 | |a Pueblos indígenas |x Política y gobierno |y Siglo 19 |z Chile |9 357564 | |
| 651 | 0 | |a Araucanía |x Colonialismo y soberanía |y Siglo 19 |z Chile |9 257448 | |
| 700 | |9 493022 |a Pinto Vallejos, Julio |e prólogo | ||
| 942 | |2 ddc |c BK | ||
| 952 | |0 0 |1 0 |2 ddc |4 0 |6 983_040000000000000_PAI_2022 |7 0 |8 A |9 587270 |a BIBHIS |b BIBHIS |c GEN |d 2022-10-13 |e 3 |g 12275.00 |i 5655203 |l 1 |o 983.04 PAI 2022 |p 5655203 |r 2025-01-20 |s 2023-10-20 |t 1 |v 12275.00 |w 2022-10-13 |y BK |k HIS | ||